书目信息 |
| 题名: |
2030中国
|
|
| 作者: | 胡鞍钢 , 鄢一龙 , 魏星 执笔 | |
| 分册: | ||
| 出版信息: | 北京 中国人民大学出版社 2011 |
|
| 页数: | 218页 | |
| 开本: | 24cm | |
| 丛书名: | ||
| 单 册: | ||
| 中图分类: | F120.4 | |
| 科图分类: | ||
| 主题词: | 经济发展战略--Jing Ji Fa Zhan Zhan Lue--研究--中国 | |
| 电子资源: | ||
| ISBN: | 978-7-300-14289-0 | |
| 000 | 01019nam0 22002771 450 | |
| 001 | 350203 | |
| 005 | 20161009083812.70 | |
| 010 | @a978-7-300-14289-0@dCNY39.00 | |
| 100 | @a20111129d2011 em y0chiy50 ea | |
| 101 | 0 | @achi |
| 102 | @aCN@b110000 | |
| 105 | @ay z 000yy | |
| 106 | @ar | |
| 200 | 1 | @a2030中国@A2030Zhong Guo@b电子资源.图书@e迈向共同富裕@f胡鞍钢,鄢一龙,魏星执笔 |
| 210 | @a北京@c中国人民大学出版社@d2011 | |
| 215 | @a218页@d24cm | |
| 325 | @a电子复制品 | |
| 330 | @a本书从人类历史总体进程、国内国际大视野,分析了走向2030年的中国与世界的大发展、大变动、大趋势,以战略的眼光,专业化的国情与世情研究,分析中国与世界之间的互动影响。 | |
| 517 | 1 | @a迈向共同富裕@AMai Xiang Gong Tong Fu Yu |
| 606 | 0 | @a经济发展战略@AJing Ji Fa Zhan Zhan Lue@x研究@y中国 |
| 690 | @aF120.4@v5 | |
| 701 | 0 | @a胡鞍钢@AHu An Gang@f(1953~)@4执笔 |
| 701 | 0 | @a鄢一龙@AYan Yi Long@f(1976~)@4执笔 |
| 701 | 0 | @a魏星@AWei Xing@f(1980~)@4执笔 |
| 801 | 0 | @aCN@bTANGWEI@c20160803 |
| 905 | @b0888840-4@dF120.4@e260@f5 | |
| 2030中国[电子资源.图书]:迈向共同富裕/胡鞍钢,鄢一龙,魏星执笔.-北京:中国人民大学出版社,2011 |
| 218页;24cm |
| ISBN 978-7-300-14289-0:CNY39.00 |
| 本书从人类历史总体进程、国内国际大视野,分析了走向2030年的中国与世界的大发展、大变动、大趋势,以战略的眼光,专业化的国情与世情研究,分析中国与世界之间的互动影响。 |
| ● |
| 相关链接 |
|
|
|
|
正题名:2030中国
索取号:F120.4/260
 
预约/预借
| 序号 | 登录号 | 条形码 | 馆藏地/架位号 | 状态 | 备注 |
| 1 | 0888840 | 208888408 | 第一样本阅览室/ [索取号:F120.4/260] | 在馆 | |
| 2 | 0888841 | 208888417 | 密集书库-海洋学院/ [索取号:F120.4/260] | 在馆 | |
| 3 | 0888842 | 208888426 | 第一借阅区/ [索取号:F120.4/260] | 在馆 | |
| 4 | 0888843 | 208888435 | 第一借阅区/ [索取号:F120.4/260] | 在馆 | |
| 5 | 0888844 | 208888444 | 第一借阅区/ [索取号:F120.4/260] | 在馆 |